RAF Stations - Statistics

General Stats
  • This quiz has been taken 167 times
  • The average score is 17 of 45
Answer Stats
Location RAF Station % Correct
Oxfordshire Brize Norton
78%
Lincolnshire Coningsby
68%
Lincolnshire Cranwell
67%
Moray, Scotland Lossiemouth
63%
Lincolnshire Waddington
59%
Isle of Anglesey,Wales Valley
58%
Sovereign Base Areas of Akrotiri and Dhekelia Akrotiri
56%
Suffolk (US Visiting Forces) Lakenheath
56%
North Yorkshire Leeming
55%
Oxfordshire Benson
53%
Shropshire Cosford
51%
Buckinghamshire Halton
51%
Gibraltar Gibraltar
49%
Norfolk Marham
48%
Greater London Northolt
48%
Falkland Islands Mount Pleasant
47%
Saint Helena, Ascension and Tristan da Cunha Ascension Island
45%
Northumberland Boulmer
45%
Suffolk(US Visiting Forces) Mildenhall
45%
Gloucestershire (US Visiting Forces) Fairford
44%
Buckinghamshire High Wycombe
44%
Hampshire Odiham
42%
Cambridgeshire &Northamptonshire Wittering
40%
Cornwall St Mawgan
38%
Shropshire Shawbury
36%
Lincolnshire Digby
34%
Cumbria Spadeadam
30%
North Yorkshire Fylingdales
29%
Lincolnshire Barkston Heath
26%
Suffolk Honington
26%
Isle of Anglesey,Wales Mona
25%
Merseyside Woodvale
23%
Suffolk Barnham
21%
Bedfordshire Henlow
21%
North Yorkshire Topcliffe
21%
Cambridgeshire Wyton
21%
North Yorkshire(US Visiting Forces) Menwith Hill
18%
Nottinghamshire Syerston
18%
Cambridgeshire(US Visiting Forces) Alconbury
16%
Norfolk (US Visiting Forces) Feltwell
16%
Oxfordshire(US Visiting Forces) Barford St John
15%
Northamptonshire(US Visiting Forces) Croughton
15%
Berkshire(US Visiting Forces) Welford
12%
Oxfordshire Weston-on-the-Green
12%
Cambridgeshire(US Visiting Forces) Molesworth
11%
No matching quizzes found
Score Distribution
Percent of People with Each Score
Percentile by Number Answered
Your Score History
You have not taken this quiz